• 首页
  • 本馆介绍
  • 公告通知
  • 最新文献
  • 馆藏检索
  • 电子资源
  • 读者导购
  • 参考咨询
  • 我的图书馆
  • 登录
  • 详细信息显示
  • 放入我的书架
  • 预约/预借图书
  • 作者相关作品
  • 分类相关作品
  • 丛书相关作品
  • 出版社相关作品

书目信息

  • 表格格式
  • 工作单格式
  • 卡片格式
题名:
机电一体化
    
 
作者: 高森年 编著 ;赵文珍 译
分册:  
出版信息: 北京   科学出版社  2001
页数: 134页
开本: 26cm
丛书名:
单 册:
中图分类: TH-39
科图分类:
主题词: 机械工业 , 仪表工业
电子资源:
ISBN: 7-03-008923-5
000 00630nam0 2200217 450
001 0747819947
005 20070727172540.93
010    @a7-03-008923-5@dCNY18.00
100    @a20070726d2001 km y0chiy0120 ea
101 0  @achi
102    @aCN@b110000
200 1  @a机电一体化@Aji dian yi ti hua@f(日)高森年编著@F(ri)gao sen nian bian zhu@g赵文珍译@Gzhao wen zhen yi
210    @a北京@c科学出版社@d2001
215    @a134页@d26cm
606 0  @a机械工业
606 0  @a仪表工业
690    @aTH-39@v3
701  0 @a高森年@Agao sen nian@4编著
702  0 @a赵文珍@Azhao wen zhen@4译
801  0 @aCN@bPFT@c20070727
905    @a10447@dTH-39@e30
    
    机电一体化/(日)高森年编著/赵文珍译.-北京:科学出版社,2001
    134页;26cm
    
    
    ISBN 7-03-008923-5:CNY18.00
    
●
相关链接 在E读中查询图书 在五车中查询图书 在当当中查询图书 在豆瓣中查询图书


正题名:机电一体化     索取号:TH-39/30         预约/预借

序号 登录号 条形码 馆藏地/架位号 状态 备注
1 0788862   207888623   第二样本阅览室/ [索取号:TH-39/30] 在馆    
唐山师范学院图书馆 欢迎您!
大连网信软件有限公司© 版权所有